| 000 | 00494cam a2200145 4500500 | ||
|---|---|---|---|
| 005 | 20251012032606.0 | ||
| 041 | _afre | ||
| 042 | _adc | ||
| 100 | 1 | 0 |
_aSesé, Bernard _eauthor |
| 245 | 0 | 0 | _aJean LACOUTURE, Hugues LE PAIGE, Éloge du secret, Bruxelles, Éditions Labor, 2005, 133 pages. |
| 260 | _c2006. | ||
| 500 | _a12 | ||
| 786 | 0 | _nSigila | 18 | 2 | 2006-12-20 | p. 193-195 | 1286-1715 | |
| 856 | 4 | 1 | _uhttps://shs.cairn.info/revue-sigila-2006-2-page-193?lang=fr&redirect-ssocas=7080 |
| 999 |
_c1547737 _d1547737 |
||